000 00300nam a22001457a 4500
008 221031b ||||| |||| 00| 0 eng d
020 _a9781259963889
041 _aeng
080 _a51
082 _a51
100 _a20.1
101 _aMATE
245 _aPRECALCULUS
_cMILLER J
942 _2udc
_cBK
999 _c58698
_d58698